000
00225nam a22000857a 4500
999
_c
3637
_d
3637
008
161028b xxu||||| |||| 00| 0 eng d
020
_a
9788188322893
100
_9
978
_a
Sahgal.S.
245
_a
Indian Fusion Cooking
260
_a
New Delhi
_b
OB. Publications
_c
2006